000 00880nam a2200229 i 4500
001 137744
003 ES-MaACL
005 20250716063304.0
007 t|
008 070214s1936 sp |||| | fre d
100 1 _aFénelon, François de Salignac de La Mothe,
_d1651-1715
_949246
245 1 0 _aAventures de Télèmaque /
_cpar Fénelon ; avec un discours sur l'usage de ce livre dans les classes, des notes par l'Abée Auber.
250 _aEd. classique, reimp. sur les plus correctes qui ont paru jusqu'a ce jour.
260 _a[S. l. :
_bs. n.,
_c1936] (
_eMadrid :
_fBlass)
300 _a443 p. ;
_c17 cm.
500 _aReprod. facs. de la ed. de: Paris : Librairie Jacques Lecoffre, 1872.
655 7 _2tgfbne
_9226495
_aFacsímiles
700 1 _aAuber, Charles-Auguste.
_923788
852 _aES-MaACL
_jA-4731
942 _2udc
999 _c137744
_d137744